00410 2200169 4500001002100000005001500021008004100036035001900077041000700096082000800103090001200111100001500123245003200138260003900170300002000209650001100229INLIS00000000001434220241224114727241224||||||||| | ||| |||| || |  0010-1224014342 aid0 a390 a390 HAS0 aS. HASANAH00aSERI CERITA RAKYAT SULAWESI aBandungbPIONIR JAYA BANDUNGc1999 a48hlm;14.5x21cm 0aFolkor